000 01218cam a2200301 i 4500
001 j 67003929
003 DLC
005 20260227111522.0
008 990709s1958 ja a f000 0 jpn
010 _aj 67003929
035 _a(CStRLIN)DCLP99-B8636
040 _aDLC-R
_cDLC-R
_dDLC-R
_dDLC
043 _aa-ja---
050 0 0 _aHC465.I5
_bK42
066 _c$1
110 2 _6880-01
_aKeizai Kikakuchō Keizai Kenkyūjo (Japan)
245 1 0 _6880-02
_aShōwa 26--32-nen kokumin shihon kanjō (kokumin taishaku taishōhyō kinʼyū renkanhyō) :
_bsono shisan to mondaiten.
260 _6880-03
_a[Tokyo] :
_bKeizai Kikakuchō Keizai Kenkyūjo,
_c[1958]
300 _a121 p. :
_bill. ;
_c26 cm.
440 0 _6880-04
_aKeizai kenkyū shirīzu ;
_vdai 1-gō
500 _aCover title.
500 _aErrata (4 p.) slips inserted.
650 0 _aNational income
_zJapan
_xAccounting.
880 2 _6110-01/$1
_a経済企画庁経済研究所 (Japan)
880 1 0 _6245-02/$1
_a昭和 26-32年国民資本勘定 (国民貸借対照表・金融連関表) :
_bその試算と問題点.
880 _6260-03/$1
_a[Tokyo] :
_b経済企画庁経済研究所,
_c[1958]
880 0 _6440-04/$1
_a経済研究シリ一ズ ;
_v第 1号
999 _c35180
_d35180